| 000 | 02384nam a2200553 a 4500 | ||
|---|---|---|---|
| 001 | on1229931815 | ||
| 003 | EBZ | ||
| 005 | 20260303122102.0 | ||
| 006 | m d | ||
| 007 | cr un|---aucuu | ||
| 008 | 210109s2021 sz ob 000 0 eng d | ||
| 040 |
_aEBZ _beng _cEBZ _dMY-SjTCS _erda |
||
| 020 |
_a9783030579234 _q(electronic bk.) |
||
| 020 |
_a3030579239 _q(electronic bk.) |
||
| 020 |
_a9783030579241 _q(print) |
||
| 020 | _a3030579247 | ||
| 020 |
_a9783030579258 _q(print) |
||
| 020 | _a3030579255 | ||
| 020 | _z3030579220 | ||
| 020 | _z9783030579227 | ||
| 024 | 7 |
_a10.1007/978-3-030-57923-4 _2doi |
|
| 037 | _bSpringer | ||
| 082 | 0 | 4 |
_a621.042 _223 |
| 245 | 0 | 0 |
_aAlternative energy resources : _bthe way to a sustainable modern society / _cvolume editors: Pankaj Pathak, Rajiv Ranjan Srivastava. |
| 260 |
_aCham : _bSpringer, _c2021. |
||
| 300 | _a1 online resource (326 pages) | ||
| 336 |
_atext _2rdacontent |
||
| 337 |
_acomputer _2rdamedia |
||
| 338 |
_aonline resource _2rdacarrier |
||
| 341 | 0 |
_atextual _2sapdv _3EBSCOhost |
|
| 347 | _atext file | ||
| 347 | _bPDF | ||
| 490 | 1 |
_aThe Handbook of Environmental Chemistry ; _vv. 99 |
|
| 532 | 0 |
_3EBSCOhost _a"EBSCO evaluates our products based on the Web Content Accessibility Guidelines (WCAG) and the related Section 508 and EN 301 549 regulations in the US and EU. Most EBSCO products are substantially conformant with WCAG 2.2 level AA." Source: https://connect.ebsco.com/s/article/EBSCO-VPATs?language=en_US. Last accessed April 22, 2025. |
|
| 588 | 0 | _aPrint version record. | |
| 504 | _aIncludes bibliographical references. | ||
| 650 | 0 | _aRenewable energy sources. | |
| 650 | 0 | _aGreen chemistry. | |
| 650 | 0 | _aSustainable development. | |
| 650 | 0 | _aBiotechnology. | |
| 650 | 0 | _aEnvironmental chemistry. | |
| 650 | 0 | _aBioengineering. | |
| 655 | 4 | _aElectronic books. | |
| 700 | 1 | _aPathak, Pankaj. | |
| 700 | 1 | _aSrivastava, Rajiv Ranjan. | |
| 776 | 0 | 8 |
_iPrint version: _aPathak, Pankaj. _tAlternative Energy Resources. _dCham : Springer International Publishing AG, ©2021 _z9783030579227 |
| 830 | 0 |
_aHandbook of environmental chemistry (2010) ; _vv. 99. |
|
| 856 | 4 | 0 |
_uhttps://ezproxy.taylors.edu.my/login?url=https://search.ebscohost.com/login.aspx?direct=true&scope=site&db=nlebk&db=nlabk&AN=2719519 _zAn electronic book accessible through the World Wide Web; click to view |
| 999 | _c203566 | ||